000
00320 a2200157 4500
001
173297
020
_a
040
_c
Magnum
100
_a
Amendola, Ulderico
240
1
0
_a
Marreco de natal
_l
por
245
1
0
_a
Marreco de natal
362
0
_a
1899
440
1
_a
Melhoramentos
697
_a
IJ/ANIMAIS
942
_c
BK
999
_c
173297
_d
173297